Construction orders turn upwards (Record no. 20291)

MARC details
000 -LEADER
fixed length control field 01000cab a2200253 4500
001 - CONTROL NUMBER
control field WB3015-01
008 - FIXED-LENGTH DATA ELEMENTS--GENERAL INFORMATION
fixed length control field 090401t1994 xxu||||| |||| 00| 0 eng d
035 ## - SYSTEM CONTROL NUMBER
System control number (Sirsi) u30127
041 ## - LANGUAGE CODE
Language code of text/sound track or separate title eng
245 ## - TITLE STATEMENT
Title Construction orders turn upwards
260 ## - PUBLICATION, DISTRIBUTION, ETC.
Date of publication, distribution, etc. 1994
350 ## - PRICE (NR) (BK AM CF MU VM SE) [OBSOLETE]
Price 0
490 ## - SERIES STATEMENT
Series statement Financial Times
Volume/sequential designation 20 April 1994, 24
490 ## - SERIES STATEMENT
Series statement Independent
Volume/sequential designation 20 April 1994, 27
490 ## - SERIES STATEMENT
Series statement RICS Press Release
Volume/sequential designation (PR62/94cons) 19 April 1994
490 ## - SERIES STATEMENT
Series statement DOE Information Bulletin
Volume/sequential designation (261) 19 April 1994 (15)
520 ## - SUMMARY, ETC.
Summary, etc. New orders for work in the construction industry rose slightly in February, restoring a healthy upward trend after January`s sharp fall according to figures from the DoE. The Building Employers Confederation has warned that the industry will never return to the peak levels of output and employment seen in 1989.
650 ## - SUBJECT ADDED ENTRY--TOPICAL TERM
Topical term or geographic name entry element BEC
650 ## - SUBJECT ADDED ENTRY--TOPICAL TERM
Topical term or geographic name entry element CONSTRUCTION INDUSTRY
650 ## - SUBJECT ADDED ENTRY--TOPICAL TERM
Topical term or geographic name entry element CONSTRUCTION OUTPUT
690 ## - LOCAL SUBJECT ADDED ENTRY--TOPICAL TERM (OCLC, RLIN)
Topical term or geographic name as entry element BUILT ENVIRONMENT
942 ## - ADDED ENTRY ELEMENTS (KOHA)
Suppress in OPAC 0
948 ## - LOCAL PROCESSING INFORMATION (OCLC); SERIES PART DESIGNATOR (RLIN)
c (OCLC) 04/03/1997
Holdings
Withdrawn status Lost status Source of classification or shelving scheme Damaged status Not for loan Home library Current library Shelving location Date acquired Total Checkouts Full call number Barcode Date last seen Copy number Price effective from Koha item type
    Dewey Decimal Classification     London London News article 14/09/1999   WB3015-01 30127-1001 06/08/2019 1 06/08/2019 News article